Towards a Whole Language Classroom: (Record no. 15117)

000 -LEADER
fixed length control field 00600nam a22001577a 4500
008 - FIXED-LENGTH DATA ELEMENTS--GENERAL INFORMATION
fixed length control field 161026b xxu||||| |||| 00| 0 eng d
020 ## - INTERNATIONAL STANDARD BOOK NUMBER
International Standard Book Number 0814154964
050 ## - LIBRARY OF CONGRESS CALL NUMBER
Classification number LB 1576 .T68 1991
100 ## - MAIN ENTRY--PERSONAL NAME
Personal name Kiefer, Barbara
245 ## - TITLE STATEMENT
Title Towards a Whole Language Classroom:
Remainder of title articles from language arts,1986-89/
Statement of responsibility, etc. Barbara Kiefer
260 ## - PUBLICATION, DISTRIBUTION, ETC. (IMPRINT)
Place of publication, distribution, etc. Urbana, Illinois:
Name of publisher, distributor, etc. National Council of Teachers of English,
Date of publication, distribution, etc. 1991
300 ## - PHYSICAL DESCRIPTION
Extent v, 70p. :
Other physical details ill. ;
500 ## - GENERAL NOTE
General note Includes references.
650 ## - SUBJECT ADDED ENTRY--TOPICAL TERM
Topical term or geographic name as entry element Language experience approach in education.
Geographic subdivision United States.
942 ## - ADDED ENTRY ELEMENTS (KOHA)
Source of classification or shelving scheme
Koha item type Hard Covered Materials
Classification part LB 1576 .T68 1991
Holdings
Withdrawn status Lost status Source of classification or shelving scheme Damaged status Not for loan Home library Current library Shelving location Date acquired Source of acquisition Total Checkouts Full call number Barcode Date last seen Price effective from Koha item type
          MACHAKOS UNIVERSITY LIBRARY MACHAKOS UNIVERSITY LIBRARY Technical section 26/10/2016 Donation (BFA)   LB 1576 .T68 1991 22477 13/09/2018 26/10/2016 Hard Covered Materials
          MACHAKOS UNIVERSITY LIBRARY MACHAKOS UNIVERSITY LIBRARY Technical section 26/10/2016 Donation (BFA)   LB 1576 .T68 1991 22480 13/09/2018 26/10/2016 Hard Covered Materials
© Machakos University Library, Along The Highway, Machakos Wote Rd, Machakos, Kenya P.O. Box 136 - 90100 Machakos - Kenya

Tel: ( +254 ) 723 805829 OR Fax : 044-20353 OR Email: library@mksu.ac.ke